000 00809nam a2200253Ia 4500
003 OSt
005 20220918170447.0
006 a|||||r|||| 00| 0
007 ta
008 220917b |||||||| |||| 00| 0 eng d
020 _a9780230550704 (hbk)
_c11920.5
024 _a266,062
037 _b35558, 16/08/2012, Segment Book Distributors
_cTextual
040 _aARTS
_cARTS
_beng
041 _2eng
_aeng
082 _aW94.59D, P9
100 _aKamusella Tomasz
_929185
245 0 _aPolitics of language and nationalism in modern Central Europe
260 _aNew York
_bPalgrave USA
_c2009
300 _axxviii,1140p.
_ccm.
650 _aPOLITICAL SCIENCE
942 _hW94.59D, P9
_cTEXL
_2CC
999 _c134243
_d134243